UBT Library

Electronic America. (Record no. 44400)

000 -LEADER
fixed length control field 01015cas a2200349 a 4500
001 - CONTROL NUMBER
control field 13857344
005 - DATE AND TIME OF LATEST TRANSACTION
control field 20180308035608.0
008 - FIXED-LENGTH DATA ELEMENTS--GENERAL INFORMATION
fixed length control field 050201c20059999miugr 0 a0eng c
010 ## - LIBRARY OF CONGRESS CONTROL NUMBER
LC control number 2005213264
022 0# - INTERNATIONAL STANDARD SERIAL NUMBER
International Standard Serial Number 1554-4397
Source 1
035 ## - SYSTEM CONTROL NUMBER
System control number (OCoLC)ocm57541919
037 ## - SOURCE OF ACQUISITION
Source of stock number/acquisition Gale Group, 27500 Drake Rd., Farmington Hills, MI 48331-3535
040 ## - CATALOGING SOURCE
Original cataloging agency NSD
Language of cataloging eng
Transcribing agency NSD
Modifying agency PVL
-- DLC
-- NSD
-- DLC
-- TJC
-- OCLCQ
-- OCLCF
-- OCLCO
-- NRC
-- OCLCQ
041 ## - LANGUAGE CODE
Language code of text/sound track or separate title eng
042 ## - AUTHENTICATION CODE
Authentication code pcc
-- nsdp
043 ## - GEOGRAPHIC AREA CODE
Geographic area code n-us---
080 ## - UNIVERSAL DECIMAL CLASSIFICATION NUMBER
Universal Decimal Classification number 621 JOH
082 10 - DEWEY DECIMAL CLASSIFICATION NUMBER
Classification number 621 JOH
Edition number 13
100 ## - Rafti
Rafti 16
101 ## - Shkurtesa
Shkurtesa HIS
222 #0 - KEY TITLE
Key title Electronic America
245 00 - TITLE STATEMENT
Title Electronic America.
310 ## - CURRENT PUBLICATION FREQUENCY
Current publication frequency Biennial
362 0# - DATES OF PUBLICATION AND/OR SEQUENTIAL DESIGNATION
Dates of publication and/or sequential designation 2005 ed.-
776 08 - ADDITIONAL PHYSICAL FORM ENTRY
Display text Online version:
Title Electronic America
Record control number (OCoLC)688645891
906 ## - LOCAL DATA ELEMENT F, LDF (RLIN)
a 7
b cbc
c serials
d 2
e ncip
f 20
g n-oclcserc
942 ## - ADDED ENTRY ELEMENTS (KOHA)
Source of classification or shelving scheme
Item type Books
Holdings
Withdrawn status Lost status Source of classification or shelving scheme Damaged status Not for loan Collection code Permanent location Current location Shelving location Date acquired Total Checkouts Full call number Barcode Date last seen Price effective from Koha item type
          Koleksioni i përgjithshem UBT - Lipjan UBT - Lipjan Koleksioni i përgjithshem 03/08/2018   621 JOH 002-3001348 03/08/2018 03/08/2018 Books
UBT Library © 2015-2024. All rights reserved University Education for Business and Technology